| 000 | 01017nam a22002537a 4500 | ||
|---|---|---|---|
| 005 | 20240530110616.0 | ||
| 008 | 161130s2015 ua ak f b 000 0 ara d | ||
| 017 |
_a2011/10662 _bمصر . دار الكتب المصرية |
||
| 020 | _a9789776298439 | ||
| 040 | _aEG-CaGPL | ||
| 082 | 0 | 4 |
_221 _a658.4012\ _bم م |
| 100 | 0 | _aمدحت محمد ابو النصر | |
| 245 | 1 | 0 |
_aمقومات التخطيط والتفكير الاستراتيجي المتميز / _cمدحت محمد ابو النصر |
| 250 | _aط. 2 | ||
| 260 |
_aالقاهرة : _bالمجموعة العربية للتدريب والنشر ، _c2015. |
||
| 300 |
_a271 ص. : _bجداول ، اشكال ؛ _c24 سم. |
||
| 500 | _aيشتمل على فصلين باللغة الانجليزية | ||
| 504 | _aببليوجرافية : ص 253 - 271 | ||
| 650 | 0 | 7 |
_2qrmak _aالادارة |
| 650 | 0 | 7 |
_2qrmak _aالتخطيط |
| 650 | 0 | 7 |
_2qrmak _aادارة الاعمال |
| 942 |
_2ddc _cBK |
||
| 999 |
_c62960 _d62960 |
||